<?xml version="1.0" encoding="UTF-8"?>
<record
    xmlns:xsi="http://www.w3.org/2001/XMLSchema-instance"
    xsi:schemaLocation="http://www.loc.gov/MARC21/slim http://www.loc.gov/standards/marcxml/schema/MARC21slim.xsd"
    xmlns="http://www.loc.gov/MARC21/slim">

  <leader>00700nam a2200205Ia 4500</leader>
  <controlfield tag="003">OSt</controlfield>
  <controlfield tag="005">20250927120230.0</controlfield>
  <controlfield tag="008">210210b1998   xxu||||| |||| 00| 0 eng d</controlfield>
  <datafield tag="040" ind1=" " ind2=" ">
    <subfield code="c">AL</subfield>
  </datafield>
  <datafield tag="041" ind1=" " ind2=" ">
    <subfield code="a">Kannada</subfield>
  </datafield>
  <datafield tag="082" ind1=" " ind2=" ">
    <subfield code="a">398.2K KABY</subfield>
  </datafield>
  <datafield tag="100" ind1=" " ind2=" ">
    <subfield code="a">KABBINALE VASANTA BHARADVAJA.</subfield>
    <subfield code="d">&#xC95;&#xCAC;&#xCCD;&#xCAC;&#xCBF;&#xCA8;&#xCBE;&#xCB2;&#xCC6; &#xCB5;&#xCB8;&#xC82;&#xCA4; &#xCAD;&#xCBE;&#xCB0;&#xCA6;&#xCCD;&#xCB5;&#xC9C; </subfield>
    <subfield code="9">240835</subfield>
  </datafield>
  <datafield tag="245" ind1=" " ind2=" ">
    <subfield code="a">Yakshagana chandassu: ondu adhyayana.</subfield>
    <subfield code="b">&#xCAF;&#xC95;&#xCCD;&#xCB7;&#xC97;&#xCBE;&#xCA8; &#xC9B;&#xC82;&#xCA6;&#xCB8;&#xCCD;&#xCB8;&#xCC1;: &#xC92;&#xC82;&#xCA6;&#xCC1; &#xC85;&#xCA7;&#xCCD;&#xCAF;&#xCAF;&#xCA8;. </subfield>
  </datafield>
  <datafield tag="260" ind1=" " ind2=" ">
    <subfield code="a">Udupi.</subfield>
    <subfield code="b">Janapada Rangakalegala Adhyayana Kendra.,</subfield>
    <subfield code="c">1998</subfield>
  </datafield>
  <datafield tag="300" ind1=" " ind2=" ">
    <subfield code="a">13,257</subfield>
  </datafield>
  <datafield tag="650" ind1=" " ind2=" ">
    <subfield code="a">Yakshagana Chandassu</subfield>
    <subfield code="9">240836</subfield>
  </datafield>
  <datafield tag="690" ind1=" " ind2=" ">
    <subfield code="a">Yakshagana</subfield>
    <subfield code="9">240837</subfield>
  </datafield>
  <datafield tag="906" ind1=" " ind2=" ">
    <subfield code="a">054839</subfield>
  </datafield>
  <datafield tag="942" ind1=" " ind2=" ">
    <subfield code="2">ddc</subfield>
    <subfield code="c">BK</subfield>
  </datafield>
  <datafield tag="999" ind1=" " ind2=" ">
    <subfield code="c">102435</subfield>
    <subfield code="d">102435</subfield>
  </datafield>
  <datafield tag="952" ind1=" " ind2=" ">
    <subfield code="0">0</subfield>
    <subfield code="1">0</subfield>
    <subfield code="4">0</subfield>
    <subfield code="7">0</subfield>
    <subfield code="8">Folklore</subfield>
    <subfield code="a">AL</subfield>
    <subfield code="b">AL</subfield>
    <subfield code="c">Folklore</subfield>
    <subfield code="d">2021-02-17</subfield>
    <subfield code="e">Athree Book Centre, Mangalore-01.</subfield>
    <subfield code="g">120.00</subfield>
    <subfield code="l">0</subfield>
    <subfield code="o">398.2K KABY</subfield>
    <subfield code="p">054839</subfield>
    <subfield code="r">2021-02-17 00:00:00</subfield>
    <subfield code="w">2021-02-17</subfield>
    <subfield code="y">BK</subfield>
  </datafield>
</record>
